1695 1897 1966 1617 1875 1256 1190 1390 1925 1254 1532 1775 1223 1978 1526 1257 1101 1808 1313 1416 1610 1684 1736 1839 1037 1494 1397 1468 1464 1044 1926 1210 1457 1093 1442 1958 1182 1853 1715 1579 1783 1323 1342 1801 1237 1796 1147 1189 1023 1374 1793 1518 1974 1895 1060 1442 1546 1023 1557 1695 1669 1957 1495 1421 1428 1985 1126 1197 1873 1790 1565 1777 1997 2000 1625 1348 1184 1110 1449 1198 1325 1099 1685 1553 1389 1491 1573 1064 1068 1124 1759 1987 1776 1622 1628 1102 1002 1405 1499 BCNSPRNW ULIB Ver.6.0+V

เปลี่ยนเป็นภาษาไทย

Change to English
 แสดงรายละเอียดบรรณานุกรม
  กลับหน้าหลัก

Brief Record : Get Marc (ISO 2709) : E-mail record : QR code < ปิดหน้าต่าง
LEADER : 00000nam 2200000uu 4500
001    13399122925
003     ULIB
008    131030s2012||||th 000 0 eng d
020    ^a9789742991814
060  4 ^aWA525^bT364
245 00 ^aThailand's universal coverage scheme :^bachievements and challenges : an independent assessment of the first 10 years (2001-2010) synthesis report /^cHealth Insurance System Research Office, Bamrasnardura Infectious Disease Institute
250    ^a1st ed.
260    ^aNonthaburi :^bHealth Insurance System Research Office, Bamrasnardura Infectious Disease Institute,^c2012
300    ^a120 p. :^bill.,^c24 cm.
650  2 ^aInsurance, Health^zThailand
650  4 ^aUniversal Health Coverage Project^zThailand
710 2  ^aBamrasnardura Infectious Disease Institute.^bHealth Insurance System Research Office
945    ^p0^l0^i034144
945    ^p0^l0^i034145
999    ^aเกษร โพธิ์สุวรรณ
รายการนี้ยังไม่มีแท็ก
คุณยังไม่ได้ล็อกอิน คุณสามารถมีกิจกรรมร่วมกับเว็บไซต์ได้ แต่ต้องล็อกอินก่อน ::
  ล็อกอิน

รายการสื่อสารสนเทศ

ลำดับที่ ประเภท เลขเรียก/บาร์โค้ด สถานที่ สถานะ
1. วิทยาศาสตร์การแพทย์ และสุขภาพ
หนังสือสำรอง
สถานะ=หนังสือสำรอง
WA525 T364 ฉ.1 
  Barcode: 034144
ห้องสมุดวิทยาเขตสวรรค์ประชารักษ์
►หนังสือทั่วไป
บนชั้น
2. วิทยาศาสตร์การแพทย์ และสุขภาพ
วิทยาศาสตร์การแพทย์ และสุขภาพ
WA525 T364 ฉ.2 
  Barcode: 034145
ห้องสมุดวิทยาเขตสวรรค์ประชารักษ์
►หนังสือทั่วไป
บนชั้น

BibComment


ยังไม่เคยถูกคอมเมนท์

คอมเมนท์ทรัพยากรรายการนี้
  คอมเมนท์: Thailands univer..


 Copyright 2026. Bcnsprnw @Library